000
00311nam a2200109Ia 4500
008
171211s9999 xx 000 0 und d
245
_a
Southern Crucifix, Southern Cross
245
_c
Dr. Andrew Henry Stern Ph.D.
260
_c
2012
650
_x
Religion
856
_u
http://down.ebook777.com/063/0817317740.pdf
999
_c
350479
_d
350479